Жесткость, прочность и диссипативные свойства пластического контакта: диссертация на соискание ученой степени кандидата технических наук; Спец. 01.02.06.

Detaylı Bibliyografya
Yazar: Чернышева Т. В. Татьяна Васильевна
Müşterek Yazar: Томский политехнический институт
Diğer Yazarlar: Максак В. И. (научный руководитель)
Dil:Rusça
Baskı/Yayın Bilgisi: Томск, [Б. и.], 1984
Konular:
Materyal Türü: MixedMaterials Kitap
KOHA link:https://koha.lib.tpu.ru/cgi-bin/koha/opac-detail.pl?biblionumber=64850

MARC

LEADER 00000nbm0a2200000 4500
001 64850
005 20231031070014.0
035 |a (RuTPU)RU\TPU\book\68850 
090 |a 64850 
100 |a 20040609d1984 k y0rusy50 ca 
101 0 |a rus 
102 |a RU 
105 |a a m 001zy 
200 1 |a Жесткость, прочность и диссипативные свойства пластического контакта  |e диссертация на соискание ученой степени кандидата технических наук  |e Спец. 01.02.06.  |f Т. В. Чернышева  |g Томский политехнический институт; науч. рук.: В. И. Максак 
210 |a Томск  |c [Б. и.]  |d 1984 
215 |a 128 л.  |c ил. 
320 |a Библиогр.: с. 118-126 (92 назв.) 
610 1 |a динамика 
610 1 |a прочность 
610 1 |a приборы 
610 1 |a аппаратура 
610 1 |a жесткость 
610 1 |a свойства диссипативные 
610 1 |a пластический контакт 
610 1 |a диссертации 
675 |a 621.81:539.4(048)  |v 3 
686 |a 01.02.06.  |2 oksvnk 
700 1 |a Чернышева  |b Т. В.  |g Татьяна Васильевна 
702 1 |a Максак  |b В. И.  |4 727 
712 0 2 |a Томский политехнический институт  |2 stltpush  |3 (RuTPU)RU\TPU\col\1123 
801 1 |a RU  |b 63413507  |c 20040609  |g PSBO 
801 2 |a RU  |b 63413507  |c 20090417  |g PSBO 
942 |c BK